000 00704nam a22002537a 4500
001 31257
003 UA-OsUOA
005 20191121150535.0
007 ta
008 20041208b un ||||| |||| 00| 0 ukr d
040 _aUA-OsUOA
_bukr
_cUA-OsUOA
_dUA-OsUOA
041 _aukr
044 _aDE
080 _a82-94
090 _a82-94
_bС32
100 _aСергієнко М.
245 _aВ кігтях тиранів: спогади українця червоноармійця
260 _aНімеччина
_bДніпрова хвиля
_c1953
300 _a230 с.
650 7 _2UDC
942 _cBK
_2udc
955 _a0
999 _c317679
_d317679